00512nam a2200169 i 4500001000300000100001900003245006100022260002100083040000800104041000800112080001000120942000700130008004100137999001700178856009800195952004900293bg1 aERMATOV, S. E. 0aRadiacionno-stimulirovannaja adsorpcija /cS.E. Ermatov. aAlma-Ata,c1973. cBPK apol a539.1 cKS s pl f |000 0 pol  c15569d15569 uhttp://koha.tu.koszalin.pl/cgi-bin/koha/opac-detail.pl?biblionumber=15569yKatalog online BPK 00104070aBPKbBPKcwo16297p01735178yKS